Complete the Beverage... With a Picture Quiz Stats

 Plays Quiz Updated May 4, 2019

Score 0/20 Timer 05:00
2 Plays Today
% Correct
Bloody MARY
96.1%
Sex on the BEACH
95.5%
Long Island Iced TEA
95.4%
Tequila SUNRISE
90.8%
Rusty NAIL
87.8%
CANADA Dry
87.6%
MINT Julep
87%
DR Pepper
86.9%
White RUSSIAN
86.5%
Red BULL
85.5%
% Correct
Mountain DEW
84.5%
GINGER Ale
84.1%
Fuzzy NAVEL
81.8%
Moscow MULE
81.2%
Pabst Blue RIBBON
80.5%
ARNOLD Palmer
79.9%
Salty DOG
74.7%
CUBA Libre
73.2%
INDIA Pale Ale
71.7%
SINGAPORE Sling
66.7%

You're not logged in!

Compare scores with friends on all Sporcle quizzes.
OR
Log In

Sporcle TV

Today on Sporcle TV


Watch our educational content, quiz creation guides, and fun videos on Sporcle TV.

Show Comments

Extras

Top Quizzes Today


Score Distribution

Your Account Isn't Verified!

In order to create a playlist on Sporcle, you need to verify the email address you used during registration. Go to your Sporcle Settings to finish the process.

Report this User

Report this user for behavior that violates our Community Guidelines.

Details: